[Event "Reykjavik Open 2015"]
[Site "Reykjavik ISL"]
[Date "2015.03.18"]
[Round "10.52"]
[White "Foisor, Sabina-Francesca"]
[Black "Prieto, Alberto"]
[Result "1-0"]
[WhiteTitle "WGM"]
[WhiteElo "2279"]
[BlackElo "2045"]
[WhiteFideId "1212915"]
[BlackFideId "2083426"]
[EventDate "2015.03.10"]

1. d4 d5 2. c4 dxc4 3. e3 Nf6 4. Bxc4 e6 5. Nf3 c5 6. O-O a6 7. Qe2 b5 8. Bb3
Bb7 9. a4 b4 10. Rd1 Nc6 11. Nbd2 Na5 12. Bc2 cxd4 13. Nxd4 Qc7 14. Bd3 Bd6 15.
Nf1 O-O 16. e4 Bc5 17. Nf3 Nb3 18. Rb1 Rfd8 19. Bg5 Rxd3 20. Qxd3 Bxe4 21. Qxb3
Bxb1 22. Rxb1 Ne4 23. Be3 Qb6 24. Qc4 f5 25. a5 1-0

[Event "Reykjavik Open 2015"]
[Site "Reykjavik ISL"]
[Date "2015.03.18"]
[Round "10.53"]
[White "Wahlbom, Magnus"]
[Black "Benet Morant, Damia"]
[Result "0-1"]
[WhiteElo "2278"]
[BlackElo "2044"]
[WhiteFideId "1700685"]
[BlackFideId "2291959"]
[EventDate "2015.03.10"]

1. d4 d6 2. c4 e5 3. Nf3 Nc6 4. Nc3 Bg4 5. d5 Bxf3 6. exf3 Nb8 7. f4 Nd7 8. Be2
f5 9. O-O Ngf6 10. Kh1 Be7 11. Be3 O-O 12. Qc2 Kh8 13. Rad1 Qe8 14. Nb5 Bd8 15.
fxe5 dxe5 16. f4 a6 17. Nc3 e4 18. c5 Qg6 19. Na4 Ng4 20. Bg1 Bh4 21. g3 Be7 22.
b4 h5 23. c6 bxc6 24. Qxc6 Ndf6 25. Nc5 h4 26. Nd7 hxg3 27. Nxf8 g2+ 28. Kxg2
Ne3+ 29. Kf2 Nxd1+ 30. Rxd1 Rxf8 31. Qc3 Ng4+ 32. Ke1 Bd6 33. h3 Nf6 34. Bc5 e3
35. Qxe3 Re8 36. Qf2 Ne4 37. Qf3 Nxc5 38. bxc5 Bxc5 39. Kd2 Qh6 40. Qh5 Re4 41.
Qxh6+ gxh6 42. Bxa6 Rxf4 43. Rf1 Ra4 44. Bd3 f4 45. Kc3 Ra3+ 46. Kc4 Be3 47. Bb1
Ra5 48. Bf5 Rxa2 49. Kd3 Kg7 50. Ke4 Kf6 51. Bg4 Ra4+ 52. Kf3 Rd4 53. Ra1 Ke5
54. Ra5 Rd3 55. d6+ Bc5+ 0-1

[Event "Reykjavik Open 2015"]
[Site "Reykjavik ISL"]
[Date "2015.03.18"]
[Round "10.54"]
[White "Kristinsson, Jon"]
[Black "Chan, James"]
[Result "1-0"]
[WhiteElo "2251"]
[BlackElo "2038"]
[WhiteFideId "2300141"]
[BlackFideId "2605775"]
[EventDate "2015.03.10"]

1. d4 Nf6 2. c4 g6 3. Nf3 Bg7 4. g3 d5 5. cxd5 Nxd5 6. Bg2 O-O 7. O-O Nb6 8. Nc3
Nc6 9. e3 a5 10. Na4 Nxa4 11. Qxa4 Bd7 12. Qb3 Qc8 13. Bd2 a4 14. Qa3 e5 15. d5
Na5 16. Rfc1 b6 17. Bb4 Re8 18. Nd2 Qb8 19. Rc2 Bf5 20. e4 Bd7 21. Rac1 Rc8 22.
Nc4 Nxc4 23. Rxc4 Ra7 24. Qe3 Qb7 25. Bf1 c5 26. dxc6 Rxc6 27. Rxc6 Bxc6 28. Qc3
Bd7 29. f3 Be6 30. Bd6 Ra5 31. Qb4 h5 32. Rc7 Qa8 33. Qxb6 Qd8 34. Qxa5 Qxd6 35.
Qc3 Bxa2 36. Rc8+ Kh7 37. Bc4 Bxc4 38. Qxc4 Qb6+ 39. Kf1 Qxb2 40. Qxf7 Qxh2 41.
Rc7 Qh1+ 42. Ke2 Qg2+ 43. Kd3 Qf1+ 44. Kc3 Qa1+ 45. Kb4 Qd4+ 46. Kb5 Qd3+ 47.
Ka5 Qd2+ 48. Ka6 Qd3+ 49. Ka7 Qd4+ 50. Kb7 1-0

[Event "Reykjavik Open 2015"]
[Site "Reykjavik ISL"]
[Date "2015.03.18"]
[Round "10.55"]
[White "Haugli, Petter"]
[Black "Mehringer, Joerg"]
[Result "1-0"]
[WhiteTitle "IM"]
[WhiteElo "2247"]
[BlackElo "1955"]
[WhiteFideId "1500104"]
[BlackFideId "12915351"]
[EventDate "2015.03.10"]

1. e4 e5 2. Nf3 Nc6 3. Bb5 f5 4. d3 fxe4 5. dxe4 Nf6 6. O-O Bc5 7. Qd3 d6 8. Qc4
a6 9. Bxc6+ bxc6 10. Nxe5 Qe7 11. Nxc6 Qxe4 12. Qxe4+ Nxe4 13. Nd2 Nxf2 14. Rxf2
a5 15. c3 Bxf2+ 16. Kxf2 Kd7 17. Nd4 Ba6 18. N2f3 a4 19. b4 axb3 20. axb3 Bd3
21. Rxa8 Rxa8 22. b4 Re8 23. Be3 h6 24. Nb3 Re7 25. h4 Bc4 26. Nbd2 Bf7 27. Bd4
Bg6 28. Nc4 Bh7 29. Ne3 Be4 30. Nd2 Rf7+ 31. Kg3 Bd3 32. Nd5 g6 33. Be3 h5 34.
Nf4 Bf5 35. Nf3 Re7 36. Nd5 Rf7 37. Bd4 Kc6 38. Ng5 Rd7 39. Ne3 Bd3 40. Bf6 Kb5
41. Nd5 c5 42. bxc5 Kxc5 43. Ne3 Kc6 44. Bd4 Re7 45. Kf4 Bb1 46. Nh3 Kd7 47. Kg5
Ke8 48. Nc4 Kd7 49. Nf4 Rf7 50. Nxg6 Rf5+ 51. Kh6 Ke6 52. Ne3 Ra5 53. Nf4+ Kf7
54. Nxh5 Ra8 55. Nf6 Bd3 56. g4 Be2 57. h5 Bd3 58. Kg5 Ra5+ 59. Nf5 Bxf5 60.
gxf5 Ra1 61. h6 Rh1 62. Ne4 Kg8 63. Nxd6 Kh7 64. Bg7 1-0

[Event "Reykjavik Open 2015"]
[Site "Reykjavik ISL"]
[Date "2015.03.18"]
[Round "10.56"]
[White "Stray, Gunnar"]
[Black "Barthel, Ansgar"]
[Result "0-1"]
[WhiteElo "2065"]
[BlackElo "2230"]
[WhiteFideId "1501631"]
[BlackFideId "4643461"]
[EventDate "2015.03.10"]

1. Nf3 Nf6 2. g3 g6 3. Bg2 Bg7 4. O-O O-O 5. d4 d6 6. c3 Nbd7 7. Re1 e5 8. e4
Re8 9. Nbd2 b6 10. Qc2 Bb7 11. d5 c6 12. dxc6 Bxc6 13. b4 Qc7 14. Qb3 b5 15. Ng5
Nb6 16. Qb1 h6 17. Nh3 Rac8 18. Nb3 Nc4 19. f3 Nd7 20. Qd3 Ndb6 21. Nf2 Bd7 22.
Nd1 Be6 23. Be3 Na4 24. Rc1 Red8 25. Qe2 Rd7 26. Qf2 Rcd8 27. Bf1 a6 28. Bd3
Nxe3 29. Qxe3 d5 30. Bb1 dxe4 31. Bxe4 f5 32. Bb1 Bd5 33. Nf2 Qc6 34. Nd2 Kh7
35. Red1 Nb2 36. Re1 h5 37. Rc2 Nc4 38. Nxc4 bxc4 39. Nh3 Bh6 40. f4 Be4 41.
Rce2 Bxb1 42. Rxb1 e4 43. Nf2 Bg7 44. Rc2 Rd5 45. h3 Rd3 46. Nxd3 cxd3 47. Rg2
Qxc3 48. Qa7 d2 0-1

[Event "Reykjavik Open 2015"]
[Site "Reykjavik ISL"]
[Date "2015.03.18"]
[Round "10.57"]
[White "Schou-Moldt, Thomas"]
[Black "Valdimarsson, Einar"]
[Result "1-0"]
[WhiteElo "2211"]
[BlackElo "1889"]
[WhiteFideId "1401297"]
[BlackFideId "2304813"]
[EventDate "2015.03.10"]

1. d4 g6 2. c4 Bg7 3. Nf3 c5 4. Nc3 cxd4 5. Nxd4 Nc6 6. e3 Nf6 7. Qb3 O-O 8. Be2
Na5 9. Qb5 a6 10. Qa4 d5 11. cxd5 Nxd5 12. Bd2 b5 13. Qd1 Bb7 14. O-O Nc4 15.
Nxd5 Bxd5 16. Bc3 e6 17. b3 Nd6 18. Bb4 Re8 19. Rc1 Nf5 20. Nc6 Qh4 21. Ba5 Rac8
22. Bf3 Rxc6 23. Rxc6 Be5 24. h3 Nxe3 25. fxe3 Qg3 26. Bxd5 Qxe3+ 27. Rf2 exd5
28. Qf3 1-0

[Event "Reykjavik Open 2015"]
[Site "Reykjavik ISL"]
[Date "2015.03.18"]
[Round "10.58"]
[White "Petersson, Baldur Teodor"]
[Black "Bjerke, Richard"]
[Result "1/2-1/2"]
[BlackTitle "FM"]
[WhiteElo "1951"]
[BlackElo "2180"]
[WhiteFideId "2309157"]
[BlackFideId "1500252"]
[EventDate "2015.03.10"]

1. e4 c5 2. Nc3 Nc6 3. g3 g6 4. Bg2 Bg7 5. d3 e6 6. f4 d6 7. Nf3 Nge7 8. Be3 Nd4
9. e5 Nef5 10. Bf2 dxe5 11. fxe5 Qc7 12. O-O O-O 13. Ne4 Nxf3+ 14. Qxf3 Bxe5 15.
c3 Rb8 16. Bxc5 Rd8 17. Bxa7 Ra8 18. Bc5 Bd7 19. d4 Bg7 20. Qf2 Bb5 21. Rfd1 b6
22. Ba3 Ra4 23. Kh1 h5 24. Nd2 Bc6 25. Nf1 Bh6 26. Re1 Bd5 27. Bxd5 Rxd5 28. Re4
Qc6 29. Qg2 Ra7 30. Bb4 Rad7 31. Rae1 Qb5 32. b3 Qa6 33. Re5 Bg7 34. Rxd5 Rxd5
35. Ne3 Nxe3 36. Rxe3 Qc8 37. Qe2 Qd7 38. Qf3 e5 39. dxe5 Bxe5 40. c4 Rd1+ 41.
Kg2 f6 42. Re1 Rd3 43. Re3 Rd1 44. Re1 Rd3 45. Re3 1/2-1/2

[Event "Reykjavik Open 2015"]
[Site "Reykjavik ISL"]
[Date "2015.03.18"]
[Round "10.59"]
[White "Thorgeirsson, Jon Kristinn"]
[Black "Babijczuk, Wojciech"]
[Result "1-0"]
[WhiteElo "2177"]
[BlackElo "1549"]
[WhiteFideId "2307731"]
[BlackFideId "1190881"]
[EventDate "2015.03.10"]

1. d4 d5 2. c4 c6 3. Nf3 Bf5 4. Nc3 Nf6 5. cxd5 cxd5 6. Qb3 b6 7. Bg5 e6 8. e3
a6 9. Rc1 Bd6 10. Bxf6 gxf6 11. a4 h5 12. Nd2 Nd7 13. Nxd5 Rc8 14. Nc3 a5 15.
Ba6 Rc7 16. Bb5 Rg8 17. Nc4 Rxc4 18. Qxc4 Rxg2 19. Qc6 Rxh2 20. Rxh2 Bxh2 21.
Qb7 Bd6 22. Na2 e5 23. Rc8 h4 24. Rxd8+ Kxd8 25. Qf3 Be6 26. d5 e4 27. Qxe4 Nc5
28. Qxh4 Bxd5 29. Qxf6+ Kc7 30. Nc3 Be6 31. Be8 Kb7 32. Nb5 Bf8 33. Qd8 Na6 34.
Bxf7 Bb4+ 35. Kf1 Bh3+ 36. Kg1 Nb8 37. Qc7+ Ka6 38. Qa7# 1-0

[Event "Reykjavik Open 2015"]
[Site "Reykjavik ISL"]
[Date "2015.03.18"]
[Round "10.60"]
[White "Haraldsson, Haraldur"]
[Black "Jensson, Einar Hjalti"]
[Result "0-1"]
[BlackTitle "FM"]
[WhiteElo "1948"]
[BlackElo "2390"]
[WhiteFideId "2311100"]
[BlackFideId "2301067"]
[EventDate "2015.03.10"]

1. Nf3 Nf6 2. c4 b6 3. g3 Bb7 4. Bg2 g6 5. b3 Bg7 6. Bb2 O-O 7. O-O c5 8. d3 d5
9. cxd5 Nxd5 10. Bxg7 Kxg7 11. d4 cxd4 12. Qxd4+ Nf6 13. Qb2 Na6 14. Nc3 Qe8 15.
Rfd1 Rd8 16. Ne5 Bxg2 17. Kxg2 Nc5 18. f3 Kg8 19. a4 Rxd1 20. Rxd1 Qb8 21. Nd5
Nxd5 22. Rxd5 Qb7 23. e4 Qc7 24. Qc3 Rc8 25. Ng4 f6 26. Qc2 Kf7 27. Rd4 Rd8 28.
Rxd8 Qxd8 29. b4 Qd3 30. Qa2+ Nb3 31. a5 bxa5 32. bxa5 Qd2+ 33. Qxd2 Nxd2 34.
Ne3 Ke6 35. Kf2 Kd6 36. Ke2 Nb3 37. Nc4+ Kc5 38. Kd3 Kb5 39. e5 Nxa5 40. exf6
Nxc4 41. fxe7 Nd6 0-1

[Event "Reykjavik Open 2015"]
[Site "Reykjavik ISL"]
[Date "2015.03.18"]
[Round "10.61"]
[White "Martinez Lopez, Jaime"]
[Black "Hitzler, Philipp"]
[Result "0-1"]
[WhiteElo "2044"]
[BlackElo "2315"]
[WhiteFideId "2211254"]
[BlackFideId "4658930"]
[EventDate "2015.03.10"]

1. d4 d5 2. Bg5 h6 3. Bh4 c6 4. e3 Qb6 5. Qc1 Bf5 6. Nf3 Nd7 7. c4 e6 8. Nc3
Ngf6 9. Be2 Be7 10. a3 g5 11. Bg3 Nh5 12. c5 Qd8 13. b4 Nxg3 14. hxg3 Bf6 15.
Ra2 Kf8 16. Qd2 e5 17. dxe5 Nxe5 18. Nxe5 Bxe5 19. Bd3 Be6 20. Ne2 d4 21. Rc2
Bb3 22. Rc1 dxe3 23. Qxe3 Bb2 24. Rb1 Qf6 25. Qd2 Rd8 26. Qxb2 Qxb2 27. Rxb2
Rxd3 28. O-O Bd5 29. a4 Kg7 30. Rc1 Re8 31. Nc3 Re5 32. Nxd5 Rdxd5 33. Kf1 Kf6
34. Re1 Rd4 35. Rxe5 Kxe5 36. Ke2 Kd5 37. f3 Kc4 38. Rb1 Rd7 39. f4 g4 40. Ke3
f5 41. Ke2 a6 42. Rb2 Kc3 43. Rb1 Rd2+ 44. Kf1 Kc2 45. Re1 Rd1 46. Ke2 Rxe1+ 47.
Kxe1 Kc3 48. Ke2 Kxb4 49. Kd3 Kxc5 0-1

[Event "Reykjavik Open 2015"]
[Site "Reykjavik ISL"]
[Date "2015.03.18"]
[Round "10.62"]
[White "Thiry, Jean-Christophe"]
[Black "Mamedjarova, Zeinab"]
[Result "1-0"]
[BlackTitle "WGM"]
[WhiteElo "2031"]
[BlackElo "2303"]
[WhiteFideId "209015"]
[BlackFideId "13401521"]
[EventDate "2015.03.10"]

1. d4 d5 2. Bf4 e6 3. e3 f5 4. Nf3 Nf6 5. c4 c6 6. Nc3 Be7 7. Be2 O-O 8. h3 Bd6
9. O-O dxc4 10. Bxd6 Qxd6 11. Bxc4 Nbd7 12. a3 Kh8 13. Qb3 Nd5 14. Rfe1 f4 15.
e4 Nc7 16. Rad1 Nb6 17. d5 exd5 18. exd5 cxd5 19. Nxd5 Ncxd5 20. Bxd5 Qf6 21.
Qb4 Rb8 22. Ba2 Bf5 23. Rd6 Be6 24. Rdxe6 Qf5 25. Bb1 1-0

[Event "Reykjavik Open 2015"]
[Site "Reykjavik ISL"]
[Date "2015.03.18"]
[Round "10.63"]
[White "Maisuradze, Nino"]
[Black "Skovgaard, Tom"]
[Result "1-0"]
[WhiteTitle "WGM"]
[WhiteElo "2302"]
[BlackElo "2042"]
[WhiteFideId "13601717"]
[BlackFideId "1406337"]
[EventDate "2015.03.10"]

1. d4 Nf6 2. Nf3 e6 3. c4 Bb4+ 4. Nbd2 O-O 5. a3 Be7 6. e4 d5 7. e5 Ne8 8. Qc2
f5 9. exf6 Nxf6 10. Bd3 c5 11. dxc5 Bxc5 12. cxd5 Bxf2+ 13. Kxf2 Ng4+ 14. Ke1
exd5 15. Nb3 Nc6 16. Bg5 Qb6 17. Bxh7+ Kh8 18. Rf1 Bd7 19. Nc5 Qa5+ 20. Qc3
Qxc3+ 21. bxc3 Kxh7 22. Nxd7 Rfe8+ 23. Kd2 Na5 24. Rae1 Nc4+ 25. Kd3 Nxa3 26.
Nde5 Nf6 27. Bxf6 gxf6 28. Ng4 Rxe1 29. Nxe1 Kg6 30. Rxf6+ Kg5 31. h3 Kh4 32.
Ne3 a5 33. Nf3+ Kg3 34. Ke2 Nb1 35. Rg6+ Kf4 36. Rg4# 1-0

[Event "Reykjavik Open 2015"]
[Site "Reykjavik ISL"]
[Date "2015.03.18"]
[Round "10.64"]
[White "Kochetkova, Julia"]
[Black "Lunn, Matthew"]
[Result "1-0"]
[WhiteTitle "WGM"]
[WhiteElo "2288"]
[BlackElo "2034"]
[WhiteFideId "4139690"]
[BlackFideId "405485"]
[EventDate "2015.03.10"]

1. e4 c5 2. Nf3 Nc6 3. Nc3 d6 4. Bb5 Bd7 5. Bxc6 Bxc6 6. d4 cxd4 7. Qxd4 Nf6 8.
Bg5 e6 9. O-O-O Be7 10. Qd3 Qa5 11. Bd2 Qd8 12. Nd4 O-O 13. Bg5 Qa5 14. f4 Rfe8
15. h4 d5 16. Bxf6 Bxf6 17. e5 Be7 18. f5 exf5 19. Nxf5 Bf8 20. Qg3 Re6 21. Nd4
Rg6 22. Qf4 Bb4 23. Rhf1 Rf8 24. h5 Rxg2 25. Rg1 Rxg1 26. Rxg1 Rd8 27. Nf5 Bxc3
28. Nh6+ Kh8 29. Nxf7+ Kg8 30. Rxg7+ Kxg7 31. Qf6+ Kg8 32. Nh6# 1-0

[Event "Reykjavik Open 2015"]
[Site "Reykjavik ISL"]
[Date "2015.03.18"]
[Round "10.65"]
[White "Gschwendtner, Stanislav"]
[Black "Arnold, Max"]
[Result "0-1"]
[WhiteElo "2009"]
[BlackElo "2189"]
[WhiteFideId "307297"]
[BlackFideId "24682810"]
[EventDate "2015.03.10"]

1. Nf3 c5 2. c4 Nc6 3. Nc3 e5 4. g3 g6 5. Bg2 Bg7 6. a3 Nge7 7. O-O O-O 8. Rb1
a5 9. Ne1 d6 10. Nc2 Be6 11. d3 d5 12. cxd5 Nxd5 13. Ne3 Nde7 14. Nc4 Rb8 15.
Bg5 h6 16. Bxe7 Nxe7 17. b4 axb4 18. axb4 b5 19. Na3 cxb4 20. Rxb4 Qa5 21. Nc2
Rfc8 22. Qd2 Qc7 23. Rxb5 Rxb5 24. Nxb5 Qxc2 0-1

[Event "Reykjavik Open 2015"]
[Site "Reykjavik ISL"]
[Date "2015.03.18"]
[Round "10.66"]
[White "Hansen, Lars-Henrik Bech"]
[Black "Zhou, Qiyu"]
[Result "1-0"]
[BlackTitle "WFM"]
[WhiteElo "1994"]
[BlackElo "2182"]
[WhiteFideId "1402021"]
[BlackFideId "505161"]
[EventDate "2015.03.10"]

1. e4 e5 2. Nf3 Nc6 3. d4 exd4 4. Bc4 Bc5 5. c3 Nf6 6. e5 d5 7. Bb5 Ne4 8. cxd4
Bb6 9. O-O O-O 10. h3 f6 11. Nc3 Be6 12. Re1 fxe5 13. Nxe4 dxe4 14. Ng5 Bd5 15.
Qh5 h6 16. Nxe4 Bxd4 17. Bxh6 Qe8 18. Qg4 Qf7 19. Be3 Bxb2 20. Rad1 Nd4 21. Ng5
Qf5 22. Qh4 Nxb5 23. Rxd5 Nd6 24. Qb4 Qc2 25. Rc5 a5 26. Rxc2 axb4 27. Rxb2 Nc4
28. Rc2 Nxe3 29. Rxe3 Rf5 30. Nf3 c6 31. Rxe5 Rxe5 32. Nxe5 Rd8 33. Kf1 Rd5 34.
Nf3 Kf7 35. Rd2 Rb5 36. Ke2 b3 37. axb3 Rxb3 38. Nd4 Rb1 39. Kd3 Kf6 40. Kc3 c5
41. Nb3 Ke5 42. Nxc5 Rc1+ 43. Rc2 Rg1 44. f4+ 1-0

[Event "Reykjavik Open 2015"]
[Site "Reykjavik ISL"]
[Date "2015.03.18"]
[Round "10.67"]
[White "Edvardsson, Kristjan"]
[Black "Valtysson, Thor"]
[Result "1-0"]
[WhiteElo "2176"]
[BlackElo "1974"]
[WhiteFideId "2300893"]
[BlackFideId "2301903"]
[EventDate "2015.03.10"]

1. d4 d5 2. c4 c6 3. Nf3 Nf6 4. e3 e6 5. b3 Bd6 6. Bb2 O-O 7. Bd3 Nbd7 8. O-O b6
9. Nbd2 Bb7 10. Ne5 c5 11. cxd5 exd5 12. f4 Ne4 13. Nxe4 dxe4 14. Bc4 Nf6 15.
Qe2 cxd4 16. exd4 Qe7 17. a4 a6 18. Rad1 Kh8 19. f5 a5 20. Rf4 Nd7 21. Qh5 Nf6
22. Qh3 Rad8 23. Re1 Bxe5 24. dxe5 Qc5+ 25. Kh1 Rd2 26. exf6 Rxb2 27. Rh4 1-0

[Event "Reykjavik Open 2015"]
[Site "Reykjavik ISL"]
[Date "2015.03.18"]
[Round "10.68"]
[White "Vigdal, Per Kr"]
[Black "Loftsson, Hrafn"]
[Result "1/2-1/2"]
[WhiteElo "1985"]
[BlackElo "2171"]
[WhiteFideId "1504681"]
[BlackFideId "2300729"]
[EventDate "2015.03.10"]

1. e4 c5 2. Nf3 Nc6 3. d4 cxd4 4. Nxd4 Nf6 5. Nc3 e5 6. Nb3 Bb4 7. Bg5 Bxc3+ 8.
bxc3 h6 9. Bh4 g5 10. Bg3 Nxe4 11. Bc4 Qe7 12. Qd3 Nxg3 13. hxg3 d5 14. Bxd5 Bd7
15. O-O-O O-O-O 16. Qb5 Be8 17. Nc5 Qc7 18. Be4 Qb6 19. Bf5+ Kb8 20. Rxd8+ Nxd8
21. Qxe8 Rxe8 22. Nd7+ Kc7 23. Nxb6 Kxb6 24. Rxh6+ Kc7 25. Rh5 Rg8 26. Kd2 Kd6
27. Rh6+ Ke7 28. Ke3 Rg7 29. g4 f6 30. Be4 Nf7 31. Rh1 Nd6 32. Bd5 Kd7 33. a4 b6
34. Rh8 Ne8 35. Bc4 Nc7 36. Ke4 Ke7 37. Rb8 Rh7 38. Rb7 Kd6 39. Rb8 Rh2 40. Rf8
Rxg2 41. Rxf6+ Kc5 42. Be2 Nd5 43. Rf8 Nf4 44. Rc8+ Kd6 45. Bb5 Rxf2 46. Rc6+
Ke7 47. Kxe5 Rxc2 48. Rc7+ Kd8 49. Rd7+ Kc8 50. Rxa7 Rxc3 51. Rg7 Re3+ 52. Kf5
Nh3 53. Rh7 Rf3+ 54. Ke5 Nf2 55. Kd5 Rf4 56. Bd7+ Kb8 57. Kc6 Rf6+ 58. Kb5 Nd3
59. Bc6 Ne5 60. Rb7+ Kc8 61. Rxb6 Nxg4 62. a5 Rf5+ 63. Ka6 Ne5 64. Bd5 Rf4 65.
Re6 Nd7 66. Kb5 Rf5 67. Kc6 Nb8+ 68. Kd6 Rf8 69. Re7 Rd8+ 70. Ke6 Nd7 71. a6
Nc5+ 72. Ke5 Nxa6 73. Bb7+ Kb8 74. Bxa6 g4 75. Rb7+ Ka8 76. Rg7 Re8+ 77. Kd6 Rf8
78. Kc7 Rf4 79. Bb5 Rf8 80. Bc6+ Ka7 81. Rxg4 Rf7+ 82. Bd7 Rf6 83. Rd4 Rg6 84.
Ra4+ Ra6 85. Rb4 Rg6 86. Be8 Rg7+ 87. Bd7 Rg6 88. Rb7+ Ka6 89. Rb8 Ka5 90. Rb5+
Ka6 91. Rb2 Ka5 1/2-1/2

[Event "Reykjavik Open 2015"]
[Site "Reykjavik ISL"]
[Date "2015.03.18"]
[Round "10.69"]
[White "Brzezinski, Adam"]
[Black "Birkisson, Bardur Orn"]
[Result "1-0"]
[WhiteElo "2150"]
[BlackElo "1839"]
[WhiteFideId "1710460"]
[BlackFideId "2310597"]
[EventDate "2015.03.10"]

1. d4 Nf6 2. c4 e6 3. Nc3 Bb4 4. e3 b6 5. Ne2 Bb7 6. a3 Be7 7. d5 O-O 8. Ng3 d6
9. Be2 Nbd7 10. O-O a5 11. b3 Re8 12. e4 Bf8 13. Bb2 g6 14. f4 Bg7 15. Qc2 exd5
16. exd5 Nc5 17. Bf3 Ba6 18. Rad1 Bc8 19. Nb5 Bg4 20. Bxf6 Bxf6 21. Bxg4 h5 22.
Bf3 h4 23. Ne4 Bg7 24. Rfe1 Bh6 25. g3 Nxe4 26. Rxe4 Qd7 27. Rde1 hxg3 28. hxg3
Rxe4 29. Rxe4 Re8 30. Rxe8+ Qxe8 31. Qe2 Qd8 32. Kg2 Bg7 33. Na7 Bf6 34. Nc6 Qf8
35. Bg4 Kg7 36. Bd7 Qh8 37. a4 Qh6 38. Na7 g5 39. Nb5 gxf4 40. Qg4+ Kf8 41. Qxf4
Qg6 42. Bf5 Qh5 43. Bg4 Qg6 44. Nxc7 Be5 45. Qf5 Qh6 46. Ne6+ Ke8 47. Ng5 Qg6
48. Nh7 Qxf5 49. Bxf5 f6 50. g4 Kf7 51. Kh3 Bf4 52. Kh4 Be3 53. g5 fxg5+ 54. Kg4
Bc1 55. Bc2 Kg7 56. Nxg5 Kf6 57. Nf3 Be3 58. Bf5 Ke7 59. Bc8 Kf6 60. Ba6 Kg6 61.
Nh4+ Kf6 62. Nf5 Bc5 63. Kf4 Ba3 64. Nd4 Bc5 65. Nc6 Kg6 66. Na7 Kf6 67. Nc8 Bg1
68. Bb5 Bd4 69. Be8 Bg1 70. Kg4 Bc5 71. Bh5 Ke5 72. Kg5 Kd4 73. Kf6 Kc3 74. Be8
Kxb3 75. Bb5 Kc3 76. Ke6 Kd4 77. Nxd6 Ba3 78. Nb7 Bf8 79. d6 Bxd6 80. Kxd6 1-0

[Event "Reykjavik Open 2015"]
[Site "Reykjavik ISL"]
[Date "2015.03.18"]
[Round "10.70"]
[White "Karlsson, Mikael Johann"]
[Black "Babijczuk, Pawel"]
[Result "1/2-1/2"]
[WhiteElo "2138"]
[BlackElo "1950"]
[WhiteFideId "2305194"]
[BlackFideId "1129120"]
[EventDate "2015.03.10"]

1. g3 d6 2. Bg2 e5 3. c4 c6 4. Nc3 Be7 5. e4 f5 6. d3 Nf6 7. Nge2 O-O 8. Qb3 Na6
9. Be3 Ng4 10. c5+ Kh8 11. cxd6 Nxe3 12. fxe3 Qxd6 13. d4 Bg5 14. dxe5 Qxe5 15.
Nf4 Nc5 16. Qc2 fxe4 17. O-O Bf5 18. Nce2 Ne6 19. Kh1 Bf6 20. Nxe6 Qxe6 21. Rf2
g6 22. Raf1 Bg7 23. Nc3 Rae8 24. Qa4 a6 25. Qb4 Kg8 26. Qxb7 c5 27. Qc7 Bh3 28.
Qxc5 Bxg2+ 29. Kxg2 Rxf2+ 30. Rxf2 Bxc3 31. bxc3 Qe7 32. Qd4 Qe5 33. Rf6 Qxd4
34. cxd4 Rc8 35. Rxa6 Rc2+ 36. Kh3 Rc3 37. Kg4 Rxe3 38. Kf4 Re2 39. h4 e3 40.
Kf3 Re1 41. Re6 Rf1+ 42. Ke2 Rf2+ 43. Kxe3 Rxa2 44. Re7 Ra3+ 45. Kf4 g5+ 46.
hxg5 Rd3 47. Rd7 Rd1 48. d5 Rf1+ 49. Kg4 Rd1 50. d6 Kf8 51. Rxh7 Rxd6 52. Ra7
Kg8 53. Kh5 Rd3 54. g4 Rd6 55. Rb7 Rc6 56. g6 Rc1 57. Kh6 Rh1+ 58. Kg5 Rc1 59.
Re7 Ra1 60. Re5 Rg1 61. Kf6 Rf1+ 62. Rf5 Ra1 63. Kg5 Rb1 64. Ra5 1/2-1/2

[Event "Reykjavik Open 2015"]
[Site "Reykjavik ISL"]
[Date "2015.03.18"]
[Round "10.71"]
[White "Korning, Peter"]
[Black "Thorsteinsson, Erlingur"]
[Result "1/2-1/2"]
[WhiteElo "1944"]
[BlackElo "2119"]
[WhiteFideId "1723332"]
[BlackFideId "2301091"]
[EventDate "2015.03.10"]

1. e4 e6 2. d4 d5 3. Nc3 Nf6 4. e5 Nfd7 5. f4 c5 6. Nf3 Nc6 7. Be3 cxd4 8. Nxd4
Bc5 9. Qd2 Nxd4 10. Bxd4 Bxd4 11. Qxd4 Qb6 12. O-O-O a6 13. Qxb6 Nxb6 14. Bd3
Bd7 15. Rhe1 Rc8 16. Ne2 h5 17. Nd4 g6 18. g3 Ke7 19. h3 Na4 20. Bf1 Nc5 21. Bg2
b5 22. Bf3 b4 23. g4 hxg4 24. hxg4 a5 25. Kb1 Rh2 26. Rh1 Rch8 27. Kc1 a4 28.
Rde1 b3 29. axb3 axb3 30. Nxb3 Nxb3+ 31. cxb3 Bb5 32. Kd1 Bd3 33. Rxh2 Rxh2 34.
Re3 Bb5 35. f5 exf5 36. gxf5 d4 37. f6+ Kf8 38. Re1 Rxb2 39. Bd5 Bd3 40. e6 Rb1+
41. Kd2 Rxe1 42. Kxe1 fxe6 43. Bxe6 1/2-1/2

[Event "Reykjavik Open 2015"]
[Site "Reykjavik ISL"]
[Date "2015.03.18"]
[Round "10.72"]
[White "Van den Bersselaar, Jeroen"]
[Black "Moller, Agnar T"]
[Result "1/2-1/2"]
[WhiteElo "2083"]
[BlackElo "1806"]
[WhiteFideId "1006282"]
[BlackFideId "2303469"]
[EventDate "2015.03.10"]

1. d4 Nf6 2. c4 g6 3. Nc3 d5 4. Nf3 Bg7 5. Qb3 dxc4 6. Qxc4 Nc6 7. e4 O-O 8. Be2
e5 9. d5 Nd4 10. Nxd4 exd4 11. Qxd4 c6 12. Qd3 cxd5 13. Nxd5 Nxd5 14. exd5 Bf5
15. Qb3 Re8 16. Be3 Be4 17. Rd1 Bxg2 18. Rg1 Qa5+ 19. Rd2 Be4 20. Kf1 Qc7 21. d6
Qc1+ 22. Bd1 Rad8 23. d7 Re7 24. Bg5 Re5 25. Qb4 f6 26. Bf4 Bf8 27. Qb3+ Kg7 28.
Rg3 Bd5 29. Rxd5 Qxf4 30. Qxb7 Bc5 31. Rf3 Qc4+ 32. Rdd3 Rf5 33. Be2 Rxf3 34.
Rxf3 Qc1+ 35. Kg2 Qg5+ 36. Kf1 Qc1+ 37. Kg2 Qg5+ 38. Kf1 Qc1+ 39. Kg2 Qg5+ 1/2-1/2

[Event "Reykjavik Open 2015"]
[Site "Reykjavik ISL"]
[Date "2015.03.18"]
[Round "10.73"]
[White "Lux, Gregory"]
[Black "Machado, Eduardo Ribeiro"]
[Result "1/2-1/2"]
[WhiteElo "2065"]
[BlackElo "1818"]
[WhiteFideId "619280"]
[BlackFideId "2140608"]
[EventDate "2015.03.10"]

1. d4 Nf6 2. Nf3 e6 3. e3 d5 4. Bd3 Be7 5. Nbd2 Nbd7 6. b3 b6 7. Bb2 Bb7 8. Ne5
Nxe5 9. dxe5 Nd7 10. O-O O-O 11. Qh5 g6 12. Qh3 Nc5 13. Be2 Ba6 14. Bxa6 Nxa6
15. e4 c6 16. Rad1 Qc7 17. exd5 cxd5 18. c4 Rfd8 19. cxd5 Rxd5 20. Rc1 Qd7 21.
Ne4 Nc5 22. Nf6+ Bxf6 23. exf6 Qd8 24. Rc4 h5 25. g4 Nd3 26. Ba1 Ne5 27. Bxe5
Rxe5 28. Qc3 Rg5 29. f3 Rd5 30. Rf2 a6 31. Rc7 b5 32. Rc2 Qd6 33. Qe3 Qf8 34.
Re7 Rad8 35. gxh5 Rxh5 36. Rc6 Rf5 37. Rcxe6 fxe6 38. Qxe6+ Kh8 39. f7 Kg7 40.
Re8 Rd1+ 41. Kg2 Rd2+ 42. Kf1 Rxf3+ 43. Ke1 Qxf7 44. Re7 Rdf2 45. Rxf7+ Rxf7 46.
Qxa6 R7f5 47. a4 bxa4 48. Qxa4 Rxh2 49. Qd4+ Kh7 50. Qa7+ Kh6 51. Qe3+ Kh5 52.
b4 Rg5 53. b5 Rgg2 54. Kf1 Rb2 55. Kg1 Rhe2 56. Qh3+ Kg5 57. Kf1 Rec2 58. Qg3+
Kf5 59. Qf3+ Ke5 60. Qd1 Rd2 61. Qe1+ Kd4 62. b6 Rh2 63. Qd1+ Kc5 64. Qc1+ Kxb6
65. Qe3+ Ka5 66. Qg5+ Kb4 67. Qf4+ Ka3 68. Qd6+ Ka2 69. Qa6+ Kb3 70. Qb5+ Kc2
71. Qc6+ Kb1 72. Qxg6+ Ka1 73. Qa6+ Ra2 74. Qf6+ Rhb2 75. Ke1 Kb1 76. Qf5+ Kc1
77. Qf4+ Rd2 78. Qe3 Rc2 79. Qa3+ Kb1 80. Qb4+ Kc1 81. Qa3+ Kb1 82. Qf3 Re2+ 83.
Qxe2 1/2-1/2